Central Library OPAC University of Rajshahi

Fundamentals of phytomorphology / (Record no. 12245)

MARC details
000 -LEADER
fixed length control field 00953cam a22003371 4500
001 - CONTROL NUMBER
control field 12245
003 - CONTROL NUMBER IDENTIFIER
rucl marc code BD-RjUL
005 - DATE AND TIME OF LATEST TRANSACTION
control field 20211208235248.0
008 - FIXED-LENGTH DATA ELEMENTS--GENERAL INFORMATION
fixed length control field 140128s1966 nyua b 001 0 eng d
035 ## - SYSTEM CONTROL NUMBER
System control number (OCoLC)ocm00269254
-- (BD-RjUL)12294
System control number (BD-RjUL)
System control number (NNC)1501853
040 ## - CATALOGING SOURCE
Original cataloging agency DLC
Transcribing agency DLC
Modifying agency BD-RjUL
Language of cataloging eng
041 ## - LANGUAGE CODE
Language code of text/sound track or separate title eng
082 ## - DEWEY DECIMAL CLASSIFICATION NUMBER
Classification number 581.4
Edition number 16
Author mark and year MEF 1966
096 ## - LOCALLY ASSIGNED NLM-TYPE CALL NUMBER (OCLC)
Classification number QK 641 M495f 1966
100 1# - MAIN ENTRY--PERSONAL NAME
Personal name Meeuse, A. D. J.
9 (RLIN) 35269
245 10 - TITLE STATEMENT
Title Fundamentals of phytomorphology /
Statement of responsibility, etc. [by] A. D. J. Meeuse.
260 ## - PUBLICATION, DISTRIBUTION, ETC. (IMPRINT)
Place of publication, distribution, etc. New York :
Name of publisher, distributor, etc. Ronald ,
Date of publication, distribution, etc. 1966
300 ## - PHYSICAL DESCRIPTION
Pagination xi, 231 p. :
Illustrations illus. ;
Size 24 cm.
500 ## - GENERAL NOTE
General note Includes index.
504 ## - BIBLIOGRAPHY, ETC. NOTE
Bibliography, etc Bibliography: p. 209-217.
650 #0 - SUBJECT ADDED ENTRY--TOPICAL TERM
Topical term or geographic name as entry element Plant morphology.
9 (RLIN) 37553
Topical term or geographic name as entry element Angiosperms.
9 (RLIN) 38009
Topical term or geographic name as entry element Botany
9 (RLIN) 38010
Topical term or geographic name as entry element Plants
General subdivision anatomy & histology
9 (RLIN) 38011
942 ## - ADDED ENTRY ELEMENTS (KOHA)
Source of classification or shelving scheme Dewey Decimal Classification
Koha item type Books
Holdings
Lost status Source of classification or shelving scheme Damaged status Not for loan Collection code Permanent Location Current Location Shelving location Date acquired Source of acquisition Cost, normal purchase price Total Checkouts Full call number Date last seen Copy number Koha item type
  Dewey Decimal Classification   Not For Loan Non-fiction Central Library, University of Rajshahi Central Library, University of Rajshahi Reading Room 31/10/1970 swels and zeither 95.00   581.4 MEF 1966 28/01/2014 C-1 Books
  Dewey Decimal Classification     Non-fiction Central Library, University of Rajshahi Central Library, University of Rajshahi   10/12/1975 U.S. Govt.     581.4 MEF 1966 22/05/2017 C-2 Books
  Dewey Decimal Classification     Non-fiction Central Library, University of Rajshahi Central Library, University of Rajshahi   10/12/1975 U.S. Govt.     581.4 MEF 1966 22/05/2017 C-3 Books